00298nam a2200121Ia 4500008004100000100002700041245004700068260001700115300000800132650001400140942000700154999001500161190216s9999||||xx |||||||||||||| ||und|| aMadan Rl & Tuli Gd 0aInorganic Chemistry (question And Answers) bS Chand & Co a706 aChemistry cBK c3373d3373